Roc. 63, № 5; Chemicke Liste

Λεπτομέρειες βιβλιογραφικής εγγραφής
Parent link:Chemicke Liste: журнал. Roc. 63, № 5.— , 1959-1963, 1965-1986
Γλώσσα:Τσεχικά
Έκδοση: 1969
Μορφή: Βιβλίο
KOHA link:https://koha.lib.tpu.ru/cgi-bin/koha/opac-detail.pl?biblionumber=570422

MARC

LEADER 00000nam2a2200000 4500
001 570422
005 20231101125017.0
035 |a (RuTPU)RU\TPU\prd\267995 
035 |a RU\TPU\prd\267991 
090 |a 570422 
100 |a 20161217c19699999k y0czey50 ba 
101 0 |a cze 
102 |a CZ 
200 0 |a Roc. 63, № 5 
210 |d 1969 
461 1 |0 (RuTPU)RU\TPU\prd\18  |t Chemicke Liste  |o журнал  |v Roc. 63, № 5  |d 1959-1963, 1965-1986 
801 0 |a RU  |b 63413507  |c 20010227  |g PSBO 
801 1 |a RU  |b 63413507  |c 20020228  |g PSBO 
801 2 |a RU  |b 63413507  |c 20161217  |g PSBO 
942 |c BK 
999 |a НТБ_ТПУ  |b НФ  |e -19/20160111  |p П-4094  |u 0  |v 1  |x 11801